00668nam a2200241 a 4500001001300000003000900013005001700022008004100039020000900080082001600089100001700105245002400122260004400146300000900190500003500199505000800234650002300242700001700265902000800282942000700290952011400297999001500411nice12345678IN_TiNIC20260116011909.0050524s1972 newa grp 000 0 eng  ac2000a954.92bMAL aMalik, Amita aYear of the Vulture aNew DelhibOrient Longman Limitedc1972 a159p aincludes index and biblioraphy2 aIll aBangladesh-History1 aMalik, Amita bSRS cBK 001040708StackRoom-aHMIbHMId2007-04-12g20.00l0o954.92 MALp06848r2007-04-12v20.00w2005-05-24yBK c4791d4791